书目信息 |
| 题名: |
全球顶级浪漫海岛
|
|
| 作者: | 特里福尼 著 ;詹茜 译 | |
| 分册: | ||
| 出版信息: | 北京 中国旅游出版社 2014.01 |
|
| 页数: | 271页 | |
| 开本: | 30cm | |
| 丛书名: | 梦想旅行家 | |
| 单 册: | ||
| 中图分类: | K918.4 | |
| 科图分类: | ||
| 主题词: | 岛--旅游指南--世界 , 岛 , 旅游指南 | |
| 电子资源: | ||
| ISBN: | 978-7-5032-4789-7 | |
| 000 | 01078oam2 2200313 450 | |
| 001 | 0120141216223 | |
| 005 | 20140609153810.65 | |
| 010 | @a978-7-5032-4789-7@dCNY195.00 | |
| 010 | @a978-7-5032-4903-7@dCNY800.00(全4册) | |
| 100 | @a20140126d2014 em y0chiy0110 ea | |
| 101 | 1 | @achi |
| 102 | @aCN@b110000 | |
| 105 | @aab z 001yy | |
| 106 | @ar | |
| 200 | 1 | @a全球顶级浪漫海岛@9quan qiu ding ji lang man hai dao@f加斯米娜·特里福尼(Jasmina Trifoni)著@g詹茜译 |
| 210 | @a北京@c中国旅游出版社@d2014.01 | |
| 215 | @a271页@c图,地图@d30cm | |
| 225 | 2 | @a梦想旅行家 |
| 330 | @a本书作者从五大洲选取了80个梦境般的岛屿,这些岛屿的共同点在于:美丽的大海、宜人的气候,同时,各地的不同景色和人文气息,足以满足不同游客的需求。 | |
| 333 | @a地理学爱好者及旅游爱好者 | |
| 461 | 0 | @12001 @a梦想旅行家 |
| 606 | 0 | @a岛@x旅游指南@y世界 |
| 606 | 0 | @a岛 |
| 606 | 0 | @a旅游指南 |
| 690 | @aK918.4@v5 | |
| 701 | 0 | @a特里福尼@9te li fu ni@c(Trifoni, Jasmina@f1966-)@4著 |
| 702 | 0 | @a詹茜@9zhan qian@4译 |
| 801 | 0 | @aCN@b人天书店@c20140126 |
| 905 | @b549895-96@dK918.4@e213@f2 | |
| 全球顶级浪漫海岛/加斯米娜·特里福尼(Jasmina Trifoni)著/詹茜译.-北京:中国旅游出版社,2014.01 |
| 271页:图,地图;30cm.-(梦想旅行家) |
| 使用对象:地理学爱好者及旅游爱好者 |
| ISBN 978-7-5032-4789-7:CNY195.00 |
| 本书作者从五大洲选取了80个梦境般的岛屿,这些岛屿的共同点在于:美丽的大海、宜人的气候,同时,各地的不同景色和人文气息,足以满足不同游客的需求。 |
| ● |
| 相关链接 |
|
|
|
|
正题名:全球顶级浪漫海岛
索取号:K918.4/213
 
预约/预借
| 序号 | 登录号 | 条形码 | 馆藏地/架位号 | 状态 | 备注 |
| 1 | 549895 | 205498950 | 第二样本阅览室/ [索取号:K918.4/213] | 在馆 | |
| 2 | 549896 | 205498969 | 密集书库-资源管理系/ [索取号:K918.4/213] | 在馆 |